000 002440000a22000970004500
100 1 _aChilton, Bruce D.
245 1 0 _aJesus and the repentance of E.P. Sanders
300 _aNum 39 (1988), Páginas 1-18
773 0 _tTyndale Bulletin
942 _cANA
999 _c56684
_d56684